LEADER 00989nam0-22003251i-450- 001 990000430610403321 005 20001010 010 $a88-7143-191-X 035 $a000043061 035 $aFED01000043061 035 $a(Aleph)000043061FED01 035 $a000043061 100 $a20001010d--------km-y0itay50------ba 101 0 $aita 105 $ay-------001yy 200 1 $aArchiviare i progetti per disegnare comporre architettura$earchivio informatico di progetti dell'architettura storica econtemporanea$fSergio Los, Roberto Grossa 210 $aMilano$cBE-MA$d1997 215 $a169 p.$cill.$d24 cm 610 0 $aArchitettura 676 $a720 700 1$aLos,$bSergio$f<1934- >$010831 702 1$aGrossa,$bRoberto 801 0$aIT$bUNINA$gRICA$2UNIMARC 901 $aBK 912 $a990000430610403321 952 $a08 AC 22$b851$fDINED 959 $aDINED 996 $aArchiviare i progetti per disegnare comporre architettura$9327829 997 $aUNINA DB $aING01 LEADER 00802nam0-2200289---450- 001 990008322540403321 005 20060508131729.0 035 $a000832254 035 $aFED01000832254 035 $a(Aleph)000832254FED01 035 $a000832254 100 $a20060508d1923----km-y0itay50------ba 101 0 $aita 102 $aIT 105 $aa-------001yy 200 1 $aDomodossola$ele valli ossolane, il Sempione 210 $aMilano$cSonzogno$d[1923] 215 $a16 p.$cill.$d34 cm 225 1 $a<>cento cittą d'Italia illustrate$fa cura di Guido Vicenzoni$v120 610 0 $aPiemonte 801 0$aIT$bUNINA$gRICA$2UNIMARC 901 $aBK 912 $a990008322540403321 952 $aM-03b-003(120)$bIst. 2158$fILFGE 959 $aILFGE 996 $aDomodossola$9744671 997 $aUNINA